书目信息 |
| 题名: |
现代德育建设与就业规划
|
|
| 作者: | 孙军 , 张凤 , 张敏 著 | |
| 分册: | ||
| 出版信息: | 沈阳 辽海出版社 2020.01 |
|
| 页数: | 245页 | |
| 开本: | 24cm | |
| 丛书名: | ||
| 单 册: | ||
| 中图分类: | G641 , G647.38 | |
| 科图分类: | ||
| 主题词: | 大学生--Da Xue Sheng--德育--研究--中国 , 大学生--Da Xue Sheng--就业--研究--中国 | |
| 电子资源: | ||
| ISBN: | 978-7-5451-5496-2 | |
| 000 | 00958nam0 2200277 450 | |
| 001 | 0103152640 | |
| 005 | 20201103152729.0 | |
| 010 | @a978-7-5451-5496-2@dCNY68.00 | |
| 100 | @a20200703d2020 em y0chiy50 ea | |
| 101 | 0 | @achi |
| 102 | @aCN@b210000 | |
| 105 | @ay z 000yy | |
| 106 | @ar | |
| 200 | 1 | @a现代德育建设与就业规划@AXian Dai De Yu Jian She Yu Jiu Ye Gui Hua@f孙军, 张凤, 张敏著 |
| 210 | @a沈阳@c辽海出版社@d2020.01 | |
| 215 | @a245页@d24cm | |
| 330 | @a本书分十一章,内容包括:德育建设与大学生就业;职业规划与德育;德育建设环境下的当代大学生;现代德育和时代关系研究;现代德育课程探究;现代德育与传统德育等。 | |
| 606 | 0 | @a大学生@ADa Xue Sheng@x德育@x研究@y中国 |
| 606 | 0 | @a大学生@ADa Xue Sheng@x就业@x研究@y中国 |
| 690 | @aG641@v5 | |
| 690 | @aG647.38@v5 | |
| 701 | 0 | @a孙军@ASun Jun@4著 |
| 701 | 0 | @a张凤@AZhang Feng@4著 |
| 701 | 0 | @a张敏@AZhang Min@4著 |
| 801 | 0 | @aCN@bBJSZM@c20201103 |
| 905 | @b1255011-5@dG641@e1665@f5 | |
| 现代德育建设与就业规划/孙军, 张凤, 张敏著.-沈阳:辽海出版社,2020.01 |
| 245页;24cm |
| ISBN 978-7-5451-5496-2:CNY68.00 |
| 本书分十一章,内容包括:德育建设与大学生就业;职业规划与德育;德育建设环境下的当代大学生;现代德育和时代关系研究;现代德育课程探究;现代德育与传统德育等。 |
| ● |
| 相关链接 |
|
|
|
|
正题名:现代德育建设与就业规划
索取号:G641/1665
 
预约/预借
| 序号 | 登录号 | 条形码 | 馆藏地/架位号 | 状态 | 备注 |
| 1 | 1255011 | 212550112 | 第一样本阅览室/ [索取号:G641/1665] | 在馆 | |
| 2 | 1255012 | 212550121 | 教育系资料室/ [索取号:G641/1665] | 在馆 | |
| 3 | 1255013 | 212550130 | 教育系资料室/ [索取号:G641/1665] | 在馆 | |
| 4 | 1255014 | 212550149 | 第四借阅区/ [索取号:G641/1665] | 在馆 | |
| 5 | 1255015 | 212550158 | 第四借阅区/ [索取号:G641/1665] | 在馆 |